[Event "Las Americas op U2400 Hybrid"]
[Site "Internet"]
[Date "2022.06.04"]
[Round "1.4"]
[White "Cofre Archibold, Nestor"]
[Black "Hernandez Fermin, Isaac Alejandro"]
[Result "1/2-1/2"]
[WhiteElo "2302"]
[BlackElo "1985"]
[PlyCount "113"]
[EventDate "2022.06.04"]
[EventType "swiss"]
[EventRounds "6"]
[EventCountry "VEN"]
[SourceTitle "EXT 2024"]
[Source "ChessBase"]
[SourceDate "2023.10.10"]
[SourceVersion "1"]
[SourceVersionDate "2023.10.10"]
[SourceQuality "1"]

1. c4 Nf6 2. g3 g6 3. Bg2 Bg7 4. Nc3 d6 5. Nf3 0-0 6. 0-0 Nc6 7. d3 e5 8. Rb1 a5 9. a3 Re8 10. Bg5 h6 11. Bxf6 Bxf6 12. b4 axb4 13. axb4 Nd4 14. Nxd4 exd4 15. Ne4 Bg7 16. Re1 Be6 17. b5 Qd7 18. Qc2 f5 19. Nd2 c6 20. bxc6 bxc6 21. Rb6 Rec8 22. Reb1 Ra7 23. Qb2 Rac7 24. Nb3 Kh7 25. Na5 f4 26. Rb7 d5 27. cxd5 cxd5 28. Qd2 Rxb7 29. Rxb7 Qa4 30. h4 fxg3 31. fxg3 Qa1+ 32. Kh2 Rf8 33. Nb3 Qc3 34. Qa2 Rf7 35. Rxf7 Bxf7 36. Qa7 Be6 37. Nc5 Bg4 38. Nd7 Bxd7 39. Qxd7 Qe1 40. Qg4 Qf2 41. h5 Qf5 42. hxg6+ Qxg6 43. Qf3 Qg5 44. Bh3 h5 45. Bf5+ Kh6 46. Qxd5 h4 47. Qd6+ Bf6 48. g4 Qg7 49. Kh3 Qg5 50. Kg2 Qg7 51. Qf4+ Qg5 52. Qb8 Qg7 53. Qe8 Qg5 54. Qf8+ Qg7 55. Qe8 Qg5 56. Qd7 Qg7 57. Qe8 1/2-1/2

[Event "Las Americas op U2400 Hybrid"]
[Site "Internet"]
[Date "2022.06.04"]
[Round "3.7"]
[White "Fernandez Hernandez, Arturo Augusto"]
[Black "Hernandez Fermin, Isaac Alejandro"]
[Result "1/2-1/2"]
[WhiteElo "2369"]
[BlackElo "1985"]
[PlyCount "149"]
[EventDate "2022.06.04"]
[EventType "swiss"]
[EventRounds "6"]
[EventCountry "VEN"]
[SourceTitle "EXT 2024"]
[Source "ChessBase"]
[SourceDate "2023.10.10"]
[SourceVersion "1"]
[SourceVersionDate "2023.10.10"]
[SourceQuality "1"]

1. d4 Nf6 2. Nf3 g6 3. c4 Bg7 4. g3 d6 5. Bg2 0-0 6. 0-0 Nc6 7. Nc3 e5 8. d5 Na5 9. Nd2 c5 10. a3 b6 11. b4 Nb7 12. h3 Ne8 13. e4 Qe7 14. Nb3 f5 15. Qd3 f4 16. Kh2 Bd7 17. Bd2 Nd8 18. b5 Nf7 19. a4 g5 20. a5 Nf6 21. axb6 axb6 22. Ra4 g4 23. h4 f3 24. Bh1 Qd8 25. Rfa1 Rxa4 26. Rxa4 Nh5 27. Ra7 Bf6 28. Kg1 Bc8 29. Ra8 Bxh4 30. Bxf3 gxf3 31. Qxf3 Nxg3 32. fxg3 Ng5 33. Bxg5 Qxg5 34. Rxc8 Rxc8 35. Kh2 Rf8 36. Qg2 Qe3 37. Nd1 Qxb3 38. gxh4+ Kh8 39. Nf2 Rg8 40. Qh3 Qb1 41. Qf3 Qg1+ 42. Kh3 Qg7 43. Nh1 Rf8 44. Qe2 Ra8 45. Ng3 Ra3 46. Qf2 Ra8 47. Nf5 Qg6 48. Qg3 Rd8 49. Qg5 Qxg5 50. hxg5 Kg8 51. Kg4 Kf7 52. Kh5 Rd7 53. Kh6 Kf8 54. Kh5 Kf7 55. Kh6 Kf8 56. Ng3 Rg7 57. Nf5 Rg6+ 58. Kxh7 Rxg5 59. Nxd6 Rg4 60. Kh6 Ke7 61. Kh5 Rf4 62. Nc8+ Kf6 63. Nxb6 Rxe4 64. Nd7+ Ke7 65. Nxc5 Rxc4 66. Nd3 Kd6 67. b6 Rc8 68. Kg5 Kxd5 69. Kf5 Rf8+ 70. Kg4 e4 71. Nf4+ Kc6 72. Ne6 Rf1 73. b7 Kxb7 74. Nc5+ Kc6 75. Nxe4 1/2-1/2

[Event "Del Sur U2400 Hybrid op 5th"]
[Site "Tornelo INT"]
[Date "2022.01.21"]
[Round "3"]
[White "Amezcua Luria, Jesus"]
[Black "Hernandez Fermin, Isaac Alejandro"]
[Result "0-1"]
[WhiteElo "2001"]
[BlackElo "1850"]
[PlyCount "64"]
[EventDate "2022.01.21"]
[EventType "swiss"]
[EventRounds "6"]
[EventCountry "VEN"]
[SourceTitle "EXT 2023"]
[Source "ChessBase"]
[SourceDate "2022.10.05"]
[SourceVersion "1"]
[SourceVersionDate "2022.10.05"]
[SourceQuality "1"]

1. d4 Nf6 2. c4 g6 3. Nc3 Bg7 4. e4 d6 5. Be2 0-0 6. Nf3 e5 7. d5 a5 8. Bg5 Na6 9. Nd2 Qe8 10. h4 h6 11. Be3 Nh7 12. g4 f5 13. gxf5 gxf5 14. exf5 Bxf5 15. Nde4 Nf6 16. Nxf6+ Rxf6 17. a3 Nc5 18. h5 Qf7 19. Rh2 Bh7 20. Kd2 a4 21. Bxc5 dxc5 22. Qg1 Rb6 23. Nd1 Kh8 24. Rh3 e4 25. Ra2 Qf4+ 26. Ne3 Bxb2 27. Qg3 Qf6 28. Nd1 Rb3 29. Qh4 Qxh4 30. Rxh4 Bxa3 31. Rf4 Bb4+ 32. Kc1 e3 0-1

[Event "Del Sur U2400 Hybrid op 5th"]
[Site "Tornelo INT"]
[Date "2022.01.21"]
[Round "1"]
[White "Hernandez Fermin, Isaac Alejandro"]
[Black "Gonzalo Garate, Luis Valentino"]
[Result "1-0"]
[WhiteElo "1850"]
[BlackElo "1538"]
[PlyCount "65"]
[EventDate "2022.01.21"]
[EventType "swiss"]
[EventRounds "6"]
[EventCountry "VEN"]
[SourceTitle "EXT 2023"]
[Source "ChessBase"]
[SourceDate "2022.10.05"]
[SourceVersion "1"]
[SourceVersionDate "2022.10.05"]
[SourceQuality "1"]

1. e4 c5 2. c3 e6 3. Nf3 a6 4. d4 cxd4 5. cxd4 d5 6. exd5 exd5 7. Bd3 Nf6 8. 0-0 Be7 9. Re1 0-0 10. Nc3 Bb4 11. Bg5 Be6 12. Ne5 Bxc3 13. bxc3 h6 14. Bh4 Nbd7 15. Bc2 g5 16. Bg3 Rc8 17. h4 Rxc3 18. hxg5 hxg5 19. Qd2 Rxg3 20. fxg3 Ne4 21. Bxe4 dxe4 22. Nxd7 Bxd7 23. Rxe4 Bc6 24. Re3 f6 25. Rae1 Re8 26. Rxe8+ Bxe8 27. d5 Bf7 28. d6 Be8 29. Re7 Qb6+ 30. Kh2 Kf8 31. Rxe8+ Kxe8 32. Qe2+ Kd7 33. Qe7+ 1-0

[Event "Del Sur U2400 Hybrid op 5th"]
[Site "Tornelo INT"]
[Date "2022.01.21"]
[Round "4"]
[White "Hernandez Fermin, Isaac Alejandro"]
[Black "Torrico, Alexis"]
[Result "1/2-1/2"]
[WhiteElo "1850"]
[BlackElo "1899"]
[PlyCount "100"]
[EventDate "2022.01.21"]
[EventType "swiss"]
[EventRounds "6"]
[EventCountry "VEN"]
[SourceTitle "EXT 2023"]
[Source "ChessBase"]
[SourceDate "2022.10.05"]
[SourceVersion "1"]
[SourceVersionDate "2022.10.05"]
[SourceQuality "1"]

1. e4 e5 2. Nf3 Nc6 3. Bb5 g6 4. 0-0 Bg7 5. c3 Nge7 6. d3 0-0 7. Re1 a6 8. Ba4 b5 9. Bb3 h6 10. Nbd2 d5 11. h3 d4 12. Nf1 Na5 13. Bc2 c5 14. Bd2 Be6 15. a4 Nec6 16. axb5 axb5 17. Qe2 Nb3 18. Rxa8 Qxa8 19. Bxb3 Bxb3 20. Rc1 Qa2 21. cxd4 Nxd4 22. Nxd4 cxd4 23. Bb4 Ra8 24. Qd2 Be6 25. Ba3 h5 26. Qd1 b4 27. Bxb4 Qxb2 28. Rb1 Qa2 29. Nd2 Rc8 30. Nf3 Qc2 31. Qxc2 Rxc2 32. Bd6 f6 33. Rb8+ Rc8 34. Rxc8+ Bxc8 35. Kf1 Ba6 36. Ke2 Kf7 37. Nd2 Ke6 38. Ba3 Kd7 39. f4 g5 40. fxe5 fxe5 41. g4 hxg4 42. hxg4 Ke6 43. Nf1 Kf7 44. Ng3 Bc8 45. Nf5 Bf8 46. Bxf8 Kxf8 47. Kf3 Ba6 48. Ke2 Bc8 49. Kf3 Ba6 50. Ke2 Bc8 1/2-1/2

[Event "Amistad Hybrid U2400"]
[Site "Tornelo INT"]
[Date "2022.01.14"]
[Round "4.1"]
[White "Hernandez Fermin, Isaac Alejandro"]
[Black "Gonzalo Garate, Luis Valentino"]
[Result "1/2-1/2"]
[WhiteElo "1850"]
[BlackElo "1538"]
[PlyCount "132"]
[EventDate "2022.01.14"]
[EventType "tourn"]
[EventRounds "6"]
[EventCountry "VEN"]
[SourceTitle "EXT 2023"]
[Source "ChessBase"]
[SourceDate "2022.10.05"]
[SourceVersion "1"]
[SourceVersionDate "2022.10.05"]
[SourceQuality "1"]

1. e4 c5 2. c3 e6 3. d4 cxd4 4. cxd4 d5 5. exd5 exd5 6. Nf3 Nf6 7. Bd3 Be6 8. 0-0 Be7 9. Nc3 0-0 10. a3 Nc6 11. Be3 Ng4 12. Bf4 Bd6 13. Bxd6 Qxd6 14. b4 Rac8 15. Ne2 Nh6 16. Ng3 Ne7 17. Re1 Nef5 18. Ng5 Nxg3 19. hxg3 Bf5 20. Bxf5 Nxf5 21. Qd3 Qg6 22. Nf3 f6 23. Re6 Rfe8 24. Rxe8+ Rxe8 25. Rc1 Kf8 26. Rc7 Nd6 27. Qxg6 hxg6 28. Nh4 g5 29. Ng6+ Kg8 30. Ne7+ Kf8 31. Ng6+ Kg8 32. Rd7 Nc4 33. Rxb7 Nxa3 34. Ne7+ Kf8 35. Nxd5 Nc2 36. Rxa7 Rb8 37. Nc7 Nxd4 38. b5 Kg8 39. Ra4 Rb7 40. b6 Nc6 41. Nd5 Kf7 42. Ra1 Ke6 43. Nc7+ Kd6 44. Rb1 Nb8 45. Nb5+ Kc5 46. Nc3 Nd7 47. Na4+ Kc6 48. Rc1+ Kd6 49. Rd1+ Kc6 50. Rc1+ Kd6 51. Kf1 Nxb6 52. Rb1 Kc6 53. Nc3 Nd7 54. Rxb7 Kxb7 55. Nd5 Nf8 56. Ke2 Kc6 57. Ne7+ Kd7 58. Nf5 g6 59. Ne3 Ke6 60. f4 gxf4 61. gxf4 Nd7 62. g4 Nb6 63. f5+ gxf5 64. gxf5+ Ke5 65. Ng4+ Kxf5 66. Nxf6 Kxf6 1/2-1/2

[Event "Híbrido del Sur U2200 op 3rd"]
[Site "Tornelo INT"]
[Date "2021.11.26"]
[Round "4"]
[White "Amezcua Luria, Jesus"]
[Black "Hernandez Fermin, Isaac Alejandro"]
[Result "1-0"]
[WhiteElo "2043"]
[BlackElo "1831"]
[PlyCount "75"]
[EventDate "2021.11.26"]
[EventType "swiss"]
[EventRounds "6"]
[EventCountry "VEN"]
[SourceTitle "EXT 2023"]
[Source "ChessBase"]
[SourceDate "2022.10.05"]
[SourceVersion "1"]
[SourceVersionDate "2022.10.05"]
[SourceQuality "1"]

1. d4 Nf6 2. c4 g6 3. Nc3 Bg7 4. e4 d6 5. Be2 0-0 6. Nf3 e5 7. d5 a5 8. Bg5 h6 9. Be3 Ng4 10. Bd2 f5 11. exf5 gxf5 12. h3 Nf6 13. Qc1 f4 14. g3 e4 15. Nh4 e3 16. fxe3 fxg3 17. Ng6 g2 18. Rg1 Bxh3 19. Nxf8 Qxf8 20. Qc2 Ng4 21. 0-0-0 Nd7 22. Qg6 Nde5 23. Qh5 Nf2 24. Be1 Nxd1 25. Qxh3 Nxc3 26. Bxc3 Qf6 27. Qxg2 a4 28. a3 Rf8 29. Bd1 Ra8 30. Bc2 c6 31. dxc6 bxc6 32. Be4 Rb8 33. Bxc6 Nd3+ 34. Kd2 Rxb2+ 35. Bxb2 Nxb2 36. Bd5+ Kh8 37. Qxg7+ Qxg7 38. Rxg7 1-0

[Event "Híbrido del Sur U2200 op 3rd"]
[Site "Tornelo INT"]
[Date "2021.11.26"]
[Round "1"]
[White "Hernandez Fermin, Isaac Alejandro"]
[Black "Olivares Borjas, Rodolfo"]
[Result "1-0"]
[WhiteElo "1831"]
[BlackElo "1545"]
[PlyCount "83"]
[EventDate "2021.11.26"]
[EventType "swiss"]
[EventRounds "6"]
[EventCountry "VEN"]
[SourceTitle "EXT 2023"]
[Source "ChessBase"]
[SourceDate "2022.10.05"]
[SourceVersion "1"]
[SourceVersionDate "2022.10.05"]
[SourceQuality "1"]

1. e4 e6 2. d4 d5 3. Nd2 dxe4 4. Nxe4 Nd7 5. Nf3 Ngf6 6. Nxf6+ Nxf6 7. Bd3 c5 8. c3 cxd4 9. cxd4 Bb4+ 10. Bd2 Qa5 11. 0-0 Bxd2 12. Nxd2 0-0 13. Qe2 Qh5 14. Qxh5 Nxh5 15. Be4 Nf6 16. Bf3 Rb8 17. Rac1 b6 18. Rc7 a5 19. Rfc1 Rd8 20. Nc4 Bd7 21. Ne5 Be8 22. g4 g5 23. Bc6 Rxd4 24. Bxe8 Nxe8 25. Ra7 Rbd8 26. Nxf7 R8d7 27. Rxd7 Rxd7 28. Nxg5 Rg7 29. Nxe6 Rxg4+ 30. Kf1 Kf7 31. Nc7 Rb4 32. b3 a4 33. Nxe8 Kxe8 34. Rc4 Rb5 35. Rxa4 Rh5 36. h4 b5 37. Rb4 Kd7 38. Kg2 Kc6 39. Kg3 Kc5 40. Rg4 h6 41. a4 b4 42. Rc4+ 1-0

[Event "Paladins Ken Philips op"]
[Site "Port of Spain"]
[Date "2021.10.30"]
[Round "5"]
[White "Jimenez Rodriguez, Abraham Isaias"]
[Black "Hernandez Fermin, Isaac Alejandro"]
[Result "0-1"]
[WhiteElo "1700"]
[BlackElo "1829"]
[PlyCount "138"]
[EventDate "2021.10.30"]
[EventType "swiss"]
[EventRounds "6"]
[EventCountry "TRI"]
[SourceTitle "EXT 2023"]
[Source "ChessBase"]
[SourceDate "2022.10.05"]
[SourceVersion "1"]
[SourceVersionDate "2022.10.05"]
[SourceQuality "1"]

1. e4 c5 2. Nc3 Nc6 3. g3 g6 4. Bg2 Bg7 5. d3 e6 6. Nge2 Nge7 7. 0-0 0-0 8. f4 d5 9. e5 f6 10. exf6 Bxf6 11. Qe1 a6 12. a3 b5 13. Rb1 Rb8 14. b4 cxb4 15. axb4 Qc7 16. Bb2 Nxb4 17. Nxb5 Qc5+ 18. Nbd4 Nxc2 19. Qc3 Qxc3 20. Bxc3 Nxd4 21. Bxd4 Bxd4+ 22. Nxd4 Bd7 23. Rbc1 Rfc8 24. Rxc8+ Rxc8 25. Ra1 Ra8 26. Rc1 Ra7 27. g4 a5 28. Kf1 a4 29. Ke1 a3 30. Ra1 Kf7 31. Kd2 Ra4 32. Kc3 Nc6 33. Nxc6 Bxc6 34. f5 gxf5 35. gxf5 exf5 36. Bh3 Kf6 37. Rf1 Bd7 38. Kb3 Rd4 39. Rf3 Be6 40. Kxa3 Rh4 41. Kb2 f4 42. Bxe6 Kxe6 43. h3 Ke5 44. Kc3 Rh6 45. Kd2 Ra6 46. Kc3 Ra2 47. Rf1 Re2 48. Rg1 f3 49. Rg7 d4+ 50. Kc4 Rc2+ 51. Kb4 Kf4 52. Rxh7 Ke3 53. Rf7 f2 54. h4 Rc1 55. h5 f1Q 56. Rxf1 Rxf1 57. h6 Rh1 58. h7 Rxh7 59. Kb3 Kxd3 60. Kb4 Rc7 61. Kb5 Kc2 62. Kb6 Rc3 63. Kb5 d3 64. Kb4 d2 65. Kb5 d1Q 66. Kb4 Qb1+ 67. Ka4 Qa2+ 68. Kb4 Qb2+ 69. Ka4 Ra3# 0-1

[Event "Hibrido del Sur op U2200"]
[Site "Porlamar"]
[Date "2021.08.29"]
[Round "6"]
[White "Hernandez Fermin, Isaac Alejandro"]
[Black "Rondon Chacon, Rene Ibrahim"]
[Result "0-1"]
[WhiteElo "1642"]
[BlackElo "2061"]
[PlyCount "60"]
[EventDate "2021.08.27"]
[EventType "swiss"]
[EventRounds "7"]
[EventCountry "VEN"]
[SourceTitle "EXT 2023"]
[Source "ChessBase"]
[SourceDate "2022.10.05"]
[SourceVersion "1"]
[SourceVersionDate "2022.10.05"]
[SourceQuality "1"]

1. e4 d5 2. exd5 Qxd5 3. Nc3 Qd6 4. d4 Nf6 5. Nf3 a6 6. g3 Bg4 7. Bg2 Nc6 8. Bf4 Qb4 9. a3 Qc4 10. Qe2 Qxe2+ 11. Nxe2 0-0-0 12. 0-0 Bxf3 13. Bxf3 Nxd4 14. Nxd4 Rxd4 15. Be3 Rd7 16. c4 e6 17. b4 Be7 18. b5 a5 19. c5 Rd3 20. Be2 Rb3 21. a4 Nd5 22. Bd2 Rb2 23. Rfd1 Bxc5 24. Bc4 Rd8 25. Bxa5 Rxf2 26. Kh1 Ne3 27. Rxd8+ Kxd8 28. Bb3 Bd4 29. Rc1 Ng4 30. Rc2 Rf1+ 0-1

[Event "Hibrido del Sur op U2200"]
[Site "Porlamar"]
[Date "2021.08.28"]
[Round "5"]
[White "Guaraca Pintado, Juan Pablo"]
[Black "Hernandez Fermin, Isaac Alejandro"]
[Result "1-0"]
[WhiteElo "1828"]
[BlackElo "1642"]
[PlyCount "71"]
[EventDate "2021.08.27"]
[EventType "swiss"]
[EventRounds "7"]
[EventCountry "VEN"]
[SourceTitle "EXT 2023"]
[Source "ChessBase"]
[SourceDate "2022.10.05"]
[SourceVersion "1"]
[SourceVersionDate "2022.10.05"]
[SourceQuality "1"]

1. e4 c5 2. Nf3 d6 3. d4 cxd4 4. Nxd4 Nf6 5. Nc3 a6 6. h3 h5 7. Bg5 e6 8. g3 Be7 9. Qd2 Qa5 10. Bg2 Nbd7 11. 0-0 0-0 12. Nd5 Qd8 13. Nxe7+ Qxe7 14. Rad1 Re8 15. Nb3 Ne5 16. f4 Nc4 17. Qc3 b5 18. e5 Qa7+ 19. Kh2 Nd5 20. Qd4 Qxd4 21. Rxd4 dxe5 22. fxe5 Nxe5 23. Nc5 Nd7 24. Re1 Nxc5 25. Rxd5 Na4 26. Rd3 Ra7 27. b3 Nc5 28. Rc3 Rc7 29. b4 Nd3 30. Rxd3 Rxc2 31. Rd2 Rxd2 32. Bxd2 Rd8 33. Rc1 Rxd2 34. Rxc8+ Kh7 35. a3 Rd6 36. Rc6 1-0